000 00314nam a22001457a 4500
020 _a0-14-038478-2
082 _a823
_bCAS/M
100 _aCASTOR, HARIET
245 _aMILLY'S GOLDEN GOAL
260 _aLONDON
_bPUFFIN BOOKS
_c1998
300 _a81
520 _aSHORT STORY
650 _aSHORT STORY
942 _cBK
999 _c5815
_d5815